| 000 | 01365cam a2200409 i 4500 | ||
|---|---|---|---|
| 999 |
_c7773 _d7773 |
||
| 001 | 991003829429706706 | ||
| 003 | OSt | ||
| 005 | 20230920131317.0 | ||
| 008 | 210507e202103 spc ||||||||| 000 0 spa|c | ||
| 015 |
_aLL2023 _2bnc |
||
| 017 | _aB 1.452 2021 | ||
| 020 | _a9788491347545 | ||
| 035 | _a(ES-BaCBU).b75325706 | ||
| 035 | _a(OCoLC)1286263161 | ||
| 040 |
_aES-CaUJI _bcat _erda _cCDMR _dCDMR |
||
| 080 | _a34 | ||
| 080 |
_a347.78 _22004 |
||
| 080 |
_a342.727 _22004 |
||
| 080 |
_a070.42:342.7 _22004 |
||
| 080 |
_a070:334.72 _22004 |
||
| 090 |
_aKKT1160 _b.D53 2021 |
||
| 100 | 1 |
_aDíaz Noci, Javier _93204 |
|
| 245 | 1 | 3 |
_aEl Derecho de autor y la información de actualidad : _bperiodistas, empresas y usuarios / _cJavier Díaz Noci |
| 264 | 1 |
_aValència : _bUniversitat de València. Servei de Publicacions, _c2021 |
|
| 300 |
_a277 pàgines ; _c24 cm |
||
| 490 | 1 |
_aAldea global ; _v42 |
|
| 504 | _aInclou referències bibliogràfiques (pàgines 249-277) | ||
| 650 | 7 |
_aDrets d'autor. _2lemac |
|
| 650 | 7 |
_aLlibertat d'informació. _2lemac |
|
| 650 | 7 |
_aPeriodistes _xSituació legal, lleis, etc. _2lemac |
|
| 650 | 7 |
_aEmpreses periodístiques _2lemac |
|
| 830 | 0 |
_aAldea global ; _v42 |
|
| 907 |
_a.b75325706 _b03-06-21 _c07-05-21 _d07-05-21 _em _fa _g- _hspa _ispc _j0 _k0 |
||
| 908 |
_aUPF _aUAB _aICAB _aUB _aBC |
||
| 940 | _aUJI | ||
| 942 |
_2udc _cMON |
||